10 STEPS TO SUCCESSFUL COACHING (Record no. 19700)

MARC details
000 -LEADER
fixed length control field 00345nam a2200133Ia 4500
008 - FIXED-LENGTH DATA ELEMENTS--GENERAL INFORMATION
fixed length control field 240624s9999 xx 000 0 und d
041 ## - LANGUAGE CODE
Language code of text/sound track or separate title eng
082 ## - DEWEY DECIMAL CLASSIFICATION NUMBER
Classification number 658.3124 OBE
100 ## - MAIN ENTRY--PERSONAL NAME
Personal name OBERSTEIN SOPHIE
245 ## - TITLE STATEMENT
Title 10 STEPS TO SUCCESSFUL COACHING
260 ## - PUBLICATION, DISTRIBUTION, ETC.
Date of publication, distribution, etc. 2009
Place of publication, distribution, etc. Virginia
Name of publisher, distributor, etc. ASTD Press
300 ## - PHYSICAL DESCRIPTION
Extent vii, : 230 : p. : cm. ; 23
365 ## - TRADE PRICE
Currency code
Price amount 30
Holdings
Withdrawn status Lost status Damaged status Not for loan Home library Current library Shelving location Date acquired Source of acquisition Cost, normal purchase price Full call number Barcode Date last seen Copy number Price effective from Koha item type
        IMTN IMTN Rack 26-A 09/27/2012 WBD 19.95 658.3124 OBE 19700 06/24/2024 58.6 06/24/2024 Books
Designed & Maintained by: LRC IMT Nagpur Contact: lrc@imtnag.ac.in© 2024. All Rights Reserved.